1525 1932 1983 1194 1130 1612 1934 1258 1379 1617 1881 1119 1298 1924 1033 1817 1206 1150 1152 1702 1079 1409 1790 1301 1154 1280 1291 1386 1822 1851 1112 1413 1416 1507 1909 1852 1524 1001 1929 1482 1220 1117 1163 1100 1813 1839 1618 1243 1815 1603 1960 1711 1715 1797 1014 1726 1041 1746 1346 1188 1797 1083 1279 1448 1077 1818 1504 1520 1241 1863 1595 1491 1432 1841 1082 1938 1056 1293 1348 1430 1792 1462 1777 1515 1298 1274 1966 1529 1002 1176 1398 1965 1134 1790 1999 1907 1468 1086 1350 BCNSPRNW ULIB Ver.6.0+V

เปลี่ยนเป็นภาษาไทย

Change to English
 แสดงรายละเอียดบรรณานุกรม
  กลับหน้าหลัก

Brief Record : Get Marc (ISO 2709) : E-mail record : QR code < ปิดหน้าต่าง
LEADER : 00000nam 2200000uu 4500
001    13399113608
003     ULIB
008    111201s2550||||th 000 0 tha d
020    ^a9789747503739
090    ^aนว.^bล711ร 2550
100 0  ^aลูกชุบ
245 00 ^aรักดีมั้ยเผลอใจให้ซะแล้ว/^cลูกชุบ
250    ^aพิมพ์ครั้งที่ 1
260    ^aกรุงเทพฯ :^bแจ่มใส,^c2550
300    ^a178 หน้า
710 1  ^aแจ่มใส
945    ^p139^l0^i14044
995    ^aทศพร
999    ^aใช้งานได้ทุกระบบ
รายการนี้ยังไม่มีแท็ก
คุณยังไม่ได้ล็อกอิน คุณสามารถมีกิจกรรมร่วมกับเว็บไซต์ได้ แต่ต้องล็อกอินก่อน ::
  ล็อกอิน

รายการสื่อสารสนเทศ

ลำดับที่ ประเภท เลขเรียก/บาร์โค้ด สถานที่ สถานะ
1. นวนิยาย
นวนิยาย
นว. ล711ร 2550 ฉ.1 
  Barcode: 14044
ห้องสมุดวิทยาเขตสวรรค์ประชารักษ์
►นวนิยาย
บนชั้น
  ขอยืม

รายการใกล้เคียง
    ผู้แต่ง [ลูกชุบ]

BibComment


ยังไม่เคยถูกคอมเมนท์

คอมเมนท์ทรัพยากรรายการนี้
  คอมเมนท์: รักดีมั้ยเผลอใจใ..


 Copyright 2026. Bcnsprnw @Library